000
00384nam a2200133Ia 4500
008
151001s9999||||xx |||||||||||||| ||und||
100
_a
ना धो मनोहर
245
_a
शेतासाठी पाणी
250
_a
1
260
_b
प्रेस्टीज पब्लिकेशन पुणे
260
_c
1992
300
_a
150
365
_b
24
999
_c
968902
_d
968899